Africa Geography by Letter - F - Statistics

General Stats
  • This quiz has been taken 256 times
  • The average score is 5 of 20
Answer Stats
Hint Answer % Correct
Capital and largest city of Sierra Leone Freetown
94%
Second largest city of Morocco, considered to be the spiritual and cultural capital of the country Fez
93%
Réunion and Mayotte are part of this country France
87%
This bird famously flourishes at Kenya's Lake Nakuru National Park flamingo
50%
Largest city of Madeira Funchal
50%
Second largest of the Canary Islands Fuerteventura
27%
Language spoken by around 30 million people in West Africa Fula
27%
Official name of Nigeria Federal Republic of Nigeria
22%
Province of South Africa; its capital is Bloemfontein Free State
22%
Second largest city in Botswana Francistown
18%
Long-tailed carnivorous animal endemic to Madagascar fossa
15%
One of Egypt's oldest cities; located in an oasis Faiyum
8%
The southwestern region of Libya Fezzan
6%
One of the many national languages of Benin Fon
6%
Largest canyon in Africa Fish River Canyon
5%
Cape Verdean island which reaches the highest altitude Fogo
5%
Largest city in northern Chad Faya-Largeau
4%
City in Madagascar whose name means "good education" in Malagasy Fianarantsoa
3%
Residents of these Senegalese towns were technically given full rights of French citizenship in 1848, but in practice there were significant barriers Four Communes
2%
State that existed as a theocracy in modern Guinea from 1725-1912 Futa Jallon
2%
No matching quizzes found
Score Distribution
Percent of People with Each Score
Percentile by Number Answered
Your Score History
You have not taken this quiz